000 00236nam a2200097Ia 4500
001 1205920
005 20251009141749.0
008 250824s9999 xx 000 0 und d
245 0 _aDÖNÜŞ
_cAYŞE KULİN
260 _bEVEREST YAYINLARI
999 _c1205920
_d1205920